000 00692nam a2200181 i 4500
001 46525
003 ES-MaACL
005 20230906161412.0
007 t|
008 030331s1962 sp ||||1| spa d
111 2 _aCongreso Nacional de Arqueología (
_n7º.
_d1960.
_cBarcelona)
_9517
245 1 0 _aVII Congreso Nacional de Arqueología
_b: Barcelona, 1960.
260 _a[Zaragoza :
_bSecretaría General de los Congresos Arqueológicos Nacionales],
_c1962.
300 _aVIII, 476 p., 96 lám. ;
_c24 cm.
710 2 _aSecretaría General de los Congresos Arqueológicos Nacionales.
_96520
740 0 _aSéptimo Congreso Nacional de Arqueología.
852 _aES-MaACL
_jC-22844
_bR.51494
999 _c46525
_d46525